| 000 | 00563nam a2200181Ii 4500 | ||
|---|---|---|---|
| 003 | JO-AjNU | ||
| 008 | 230605s9999||||xx |||||||||||||| ||und|| | ||
| 040 |
_aJO-AjNU _bara _erda _cJO-AjNU |
||
| 041 | _aara | ||
| 050 | 1 | 4 | _aLB1025.2.E2412 1968 |
| 100 | 3 |
_aإبل،كنيث, _eauthor _917368 |
|
| 245 | 0 | 0 | _aحرفة التعليم:مرشد لإتقان فن الأستاذ=The Craft Of Teaching |
| 300 | _a199ص | ||
| 336 |
_atext _btxt _2rdacontent |
||
| 337 |
_aunmediated _bn _2rdamedia |
||
| 338 |
_avolume _bnc _2rdacarrier |
||
| 650 | 4 |
_aالتعليم _917369 |
|
| 999 |
_aA5350 _c8918 _d8918 |
||